How to motivate people : (Record no. 127302)

MARC details
000 -LEADER
fixed length control field 00687nam a22002297a 4500
005 - DATE AND TIME OF LATEST TRANSACTION
control field 20170124110023.0
010 ## - LIBRARY OF CONGRESS CONTROL NUMBER
LC control number A-760428
020 ## - INTERNATIONAL STANDARD BOOK NUMBER
Terms of availability 00.00
International Standard Book Number 8172243928
035 ## - SYSTEM CONTROL NUMBER
System control number A-760428
037 ## - SOURCE OF ACQUISITION
Source of stock number/acquisition Cen Lib/Ret
040 ## - CATALOGING SOURCE
Original cataloging agency DPL
Language of cataloging EN
082 ## - DEWEY DECIMAL CLASSIFICATION NUMBER
Classification number 658.314
Item number SAR
100 ## - MAIN ENTRY--PERSONAL NAME
Personal name Sargent, Andrew
9 (RLIN) 20075
245 ## - TITLE STATEMENT
Title How to motivate people :
Statement of responsibility, etc by Andrew Sargent
Remainder of title turning people on /
260 ## - PUBLICATION, DISTRIBUTION, ETC. (IMPRINT)
Place of publication, distribution, etc Bombay
Name of publisher, distributor, etc Jaico publishing house
Date of publication, distribution, etc 1995
270 ## - ADDRESS
Address 121,M. G. Road
City Bombay
Postal code 400001
300 ## - PHYSICAL DESCRIPTION
Extent 95p.
Dimensions 20cm(Hb)
650 ## - SUBJECT ADDED ENTRY--TOPICAL TERM
Topical term or geographic name as entry element Employee motivation
9 (RLIN) 20076
650 ## - SUBJECT ADDED ENTRY--TOPICAL TERM
Topical term or geographic name as entry element Goal setting in personnel management
9 (RLIN) 20077
700 ## - ADDED ENTRY--PERSONAL NAME
9 (RLIN) 19918
942 ## - ADDED ENTRY ELEMENTS (KOHA)
Source of classification or shelving scheme Dewey Decimal Classification
Koha item type English Books
Classification part 658.314
Call number suffix SAR
Holdings
Withdrawn status Lost status Damaged status Not for loan Home library Current library Date acquired Source of acquisition Cost, normal purchase price Total Checkouts Full call number Barcode Date last seen Copy number Cost, replacement price Price effective from Koha item type
        Central Library Central Library 29/06/2015 Cen Lib/Ret 0.00   658.314 SAR A-760428 29/06/2015 1 0.00 29/06/2015 English Books

© Delhi Public Library
Hit Counter
free hit counter